| 000 | 00492nam a2200229Ia 4500 | ||
|---|---|---|---|
| 003 | IT-RoPAU | ||
| 008 | 120407s9999 xx 000 0 und d | ||
| 040 | _aIT-RoPAU | ||
| 040 | _cIT-RoPAU | ||
| 041 | _aita | ||
| 100 | _aLorenzo Peirone | ||
| 245 | _aIl fondatore del Santuario di Fontanelle | ||
| 250 | _aBari | ||
| 260 | _aEdizioni Paoline | ||
| 260 | _c1963 | ||
| 300 | _a149 p. | ||
| 300 | _c17 cm | ||
| 490 | _aGens sancta | ||
| 490 | _v23 | ||
| 942 | _cBK | ||
| 999 |
_c25971 _d25971 |
||